[Event "Millionaire Chess KO 2015"]
[Site "Las Vegas USA"]
[Date "2015.10.12"]
[Round "1.1"]
[White "Le, Quang Liem"]
[Black "Lenderman, Aleksandr"]
[Result "1-0"]
[WhiteTitle "GM"]
[BlackTitle "GM"]
[WhiteElo "2697"]
[BlackElo "2623"]
[WhiteFideId "12401137"]
[BlackFideId "2021285"]
[EventDate "2015.10.12"]

1. d4 Nf6 2. c4 e6 3. Nc3 Bb4 4. Qc2 d5 5. cxd5 exd5 6. Bg5 h6 7. Bh4 O-O 8. e3
c5 9. Nf3 Be6 10. Be2 Nbd7 11. O-O Qa5 12. dxc5 Bxc3 13. bxc3 Rfc8 14. Rab1 Ne4
15. Rfc1 Rxc5 16. c4 Nd6 17. Nd4 dxc4 18. Be7 Qc7 19. Nxe6 fxe6 20. Rd1 Rd5 21.
Qg6 Nf8 22. Bxf8 Rxd1+ 23. Rxd1 Kxf8 24. Qxe6 c3 25. Bh5 c2 26. Rc1 Rd8 27. g3
Qe7 28. Qxe7+ Kxe7 29. Rxc2 Rc8 30. Rxc8 Nxc8 31. f4 Nd6 32. Be2 Ne4 33. Bd3 Nc3
34. a3 Nd1 35. e4 Nb2 36. Be2 Kd6 37. Kf2 Kc5 38. Ke3 b5 39. e5 Na4 40. f5 Nb6
41. Ke4 Nd5 42. g4 Nc3+ 43. Kd3 Nb1 44. a4 b4 45. Bd1 Nc3 46. Bb3 a5 47. h4 Nd5
48. g5 hxg5 49. hxg5 Nf4+ 50. Ke4 Nh3 51. g6 Nf2+ 52. Ke3 Ng4+ 53. Kf4 Nh6 54.
f6 1-0

[Event "Millionaire Chess KO 2015"]
[Site "Las Vegas USA"]
[Date "2015.10.12"]
[Round "1.2"]
[White "Lenderman, Aleksandr"]
[Black "Le, Quang Liem"]
[Result "0-1"]
[WhiteTitle "GM"]
[BlackTitle "GM"]
[WhiteElo "2623"]
[BlackElo "2697"]
[WhiteFideId "2021285"]
[BlackFideId "12401137"]
[EventDate "2015.10.12"]

1. d4 d5 2. c4 e6 3. Nc3 Be7 4. cxd5 exd5 5. Bf4 Nf6 6. e3 Bf5 7. Qb3 Nc6 8. g4
Nxg4 9. Qxd5 Qxd5 10. Nxd5 Bb4+ 11. Nxb4 Nxb4 12. Rc1 c6 13. h3 Nf6 14. a3 Nbd5
15. Be5 Nd7 16. Bd6 N7b6 17. b3 Rd8 18. Bg3 O-O 19. Ne2 Rfe8 20. Rg1 Re6 21. Kd2
Rde8 22. Be5 f6 23. Bh2 Rd8 24. Ng3 Bg6 25. h4 Ne7 26. Bh3 Re5 27. Kc3 Rb5 28.
e4 Bf7 29. Rb1 Ra5 30. a4 c5 31. d5 Nbc8 32. b4 Rxa4 33. bxc5 b6 34. Ra1 Nxd5+
35. exd5 Rxh4 36. Bxc8 Rxc8 37. c6 Bxd5 38. Nf5 Rxc6+ 39. Kd2 Rxh2 40. Ne7+ Kf8
41. Nxc6 Bxc6 42. Rxa7 Rxf2+ 43. Ke3 Rg2 44. Re1 Rg5 45. Kf4 Re5 46. Rg1 g5+ 47.
Kg4 Re7 48. Ra6 Re4+ 49. Kg3 Re3+ 50. Kf2 Rf3+ 51. Ke1 Rb3 52. Rg4 Kg7 53. Rc4
Bf3 54. Rc7+ Kg6 55. Kd2 h5 56. Kc2 Rb5 57. Raa7 Rc5+ 0-1

[Event "Millionaire Chess KO 2015"]
[Site "Las Vegas USA"]
[Date "2015.10.12"]
[Round "2.1"]
[White "Yu, Yangyi"]
[Black "Lenderman, Aleksandr"]
[Result "1-0"]
[WhiteElo "2721"]
[BlackElo "2623"]
[EventDate "2015.10.12"]

1. e4 e6 2. d4 d5 3. Nc3 Bb4 4. e5 b6 5. Qg4 Bf8 6. Bg5 Qd7 7. O-O-O Ne7 8.
Bxe7 h5 9. Qh3 Bxe7 10. f4 Ba6 11. Nf3 Bxf1 12. Rhxf1 Nc6 13. Ng5 Bxg5 14.
fxg5 O-O-O 15. Rf4 g6 16. Rdf1 Rdf8 17. Ne2 Rh7 18. Rf6 Rg8 19. Qd3 Kb7 20.
Kb1 Rgg7 21. Nc3 Qe8 22. Nd1 Nb8 23. Ne3 Nd7 24. R6f2 Qe7 25. h4 Rh8 26. c4
c6 27. Rc1 Rc8 28. cxd5 exd5 29. Rf6 Rgg8 30. Rd6 Rgd8 31. Qc2 Nb8 32. Rf6
c5 33. e6 Ka8 34. Qd3 fxe6 35. dxc5 Nd7 36. Rff1 Nxc5 37. Qxg6 Ne4 38. Ka1
Rg8 39. Qh6 Rh8 40. Rxc8+ Rxc8 41. g6 d4 42. g7 Qc5 43. a3 dxe3 44. Qxe6
Nf2 45. Re1 Kb7 46. Rxe3 Ng4 47. Rc3 Qg1+ 48. Ka2 Rxc3 49. g8=Q Rxa3+ 50.
Kxa3 Qc5+ 51. Ka2 Qa5+ 52. Kb1 1-0

[Event "Millionaire Chess KO 2015"]
[Site "Las Vegas USA"]
[Date "2015.10.12"]
[Round "2.2"]
[White "Lenderman, Aleksandr"]
[Black "Yu, Yangyi"]
[Result "0-1"]
[WhiteElo "2623"]
[BlackElo "2721"]
[EventDate "2015.10.12"]

1. e4 c5 2. d3 Nc6 3. Be2 g6 4. f4 Bg7 5. Nf3 e6 6. c3 Nge7 7. Be3 b6 8.
Nbd2 Bb7 9. O-O O-O 10. Rc1 f5 11. a3 d6 12. b4 Qd7 13. Qb3 Kh8 14. Ng5 Nd8
15. g4 h6 16. Nh3 Nf7 17. Bf3 e5 18. exf5 Bxf3 19. Nxf3 gxf5 20. g5 Ng6 21.
Qd5 Ne7 22. Qa2 Ng6 23. Qf2 hxg5 24. Nhxg5 Nxg5 25. Nxg5 Bh6 26. h4 Rae8
27. Rce1 Qg7 28. bxc5 bxc5 29. d4 cxd4 30. cxd4 exf4 31. Bxf4 Re4 32. Bxd6
Rg4+ 33. Kh2 Bxg5 34. Bxf8 Qc7+ 35. Kh3 Nf4+ 0-1